Vonkajšie energetické vzťahy EÚ: prepojenie medzi ekonomickou diplomaciou a energetickou bezpečnosťou bakalárska práca

Gespeichert in:
Bibliographische Detailangaben
1. Verfasser: Cesnaková, Nicole
Körperschaft: Obchodná fakulta EU. Katedra medzinárodného obchodu
Weitere Verfasser: Hrinko, Ján, 1992-
Format: Buch
Sprache:Slowakisch
Veröffentlicht: Bratislava 2025
Tags: Tag hinzufügen
Keine Tags, Fügen Sie das erste Tag hinzu!

MARC

LEADER 00000nbm a2200000 4500
001 0311130
005 20251106103650.6
041 0 |a slo 
044 |a SK 
245 1 0 |a Vonkajšie energetické vzťahy EÚ: prepojenie medzi ekonomickou diplomaciou a energetickou bezpečnosťou  |b bakalárska práca  |c Nicole Cesnaková ; školiteľ: Ján Hrinko 
264 1 |a Bratislava  |c 2025 
300 |a 50 s. 
100 1 |a Cesnaková, Nicole 
700 1 |a Hrinko, Ján, 1992- 
710 2 |a Obchodná fakulta EU. Katedra medzinárodného obchodu